000 00584nam a2200181Ia 4500
008 140626s9999 xx 000 0 und d
100 _aLapp.
245 _aEngineering online gateway system ensuring and evaluating student learning through automated, milestone exams /
_cLapp ... [et al.].
260 _cc2011.
300 _a2 : 1, page 77
440 _aComputers in Education Journal
521 _aIT
650 _aAutomated milestone exams.
650 _aComputer engineering.
650 _aOnline gateway system.
650 _aStudent learning evaluation.
942 _cSE
999 _c120901
_d120901